[Event "FIDE Grand Prix-I Pool-D 2022"]
[Site "Berlin"]
[Date "2022.02.09"]
[Round "5.7"]
[White "Harikrishna, Pentala"]
[Black "Dominguez Perez, Leinier"]
[Result "0-1"]
[WhiteElo "2717"]
[BlackElo "2752"]
[Annotator "TA"]
[PlyCount "102"]
[EventDate "2022.02.04"]
[EventType "tourn"]
[EventCountry "GER"]
[SourceTitle "playchess.com"]
[Source "ChessBase"]
[SourceQuality "1"]

{[%evp 13,102,0,2,7,4,0,0,0,0,-7,10,0,0,0,0,0,0,0,0,0,44,19,21,31,39,7,7,29,23,25,74,36,46,-28,0,-54,-54,-52,-49,-58,-28,-136,-122,-222,-229,-238,-230,-230,-137,-215,-142,-187,-194,-199,-203,-200,-203,-203,-201,-203,-203,-203,-203,-203,-203,-197,-202,-200,-199,-203,-196,-257,-222,-219,-223,-234,-235,-388,-389,-447,-474,-454,-461,-448,-470,-475,-472,-437,-457,-416,-426]} 1. e4 c5 2. c3 Nf6 3. e5 Nd5 4. Bc4 Nb6 5. Bb3 Nc6 6. d4 cxd4 7. cxd4 d5 8. Bc2 {B22: Sicilian: 2 c3.} Nb4 {[#]} 9. h3 $146 ({Predecessor:} 9. Nc3 Nxc2+ 10. Qxc2 e6 11. Nf3 Be7 12. h4 h6 13. a4 Bd7 14. a5 Nc4 15. a6 bxa6 {1-0 (30) Mamedov,R (2678)-Volokitin,A (2606) Riga 2021}) 9... Nxc2+ 10. Qxc2 {The position is equal.} Bd7 11. Nc3 Qc8 12. Qd3 Bf5 13. Qg3 e6 14. Nge2 Qc4 15. Be3 Rc8 16. O-O h5 (16... Qa6 $11 {deserves consideration.}) 17. Rac1 h4 18. Qf3 {Black must now prevent Nf4.} Qc6 19. Bg5 Qd7 20. Nf4 Nc4 21. Qe2 {Prevents Nd2.} Bb4 (21... Rc6 $11) 22. a3 Ba5 23. a4 (23. b3 $14 Nxe5 24. Qxe5) 23... a6 $1 $11 24. Rfd1 ({White should try} 24. Nh5 $11 Rh7 25. Bxh4) 24... Bd8 $1 $15 25. Bxd8 Qxd8 26. Nd3 Qb6 27. Nc5 {Black converts the advantage convincingly.} (27. Qf3 $1 $11 {remains equal.}) 27... Qxb2 $17 28. Qf3 {[#]} (28. Qxb2 $17 Nxb2 29. Rd2) 28... Bc2 $1 $19 29. Re1 {[%cal Oc3d5]} b6 {Active counter play!} 30. Nxa6 {[%cal Oa6b4]} Nd2 ({Better is} 30... Nxe5 $19 31. dxe5 Rxc3) 31. Qe3 (31. Qe2 $17 {was worth a try.} Qxc3 32. Qb5+ Kf8 33. Nb4) 31... Qxc3 32. Qxc3 (32. Re2 $17 Qxe3 33. fxe3) 32... Rxc3 33. Nb4 {[#]} Kd7 $1 34. Rxc2 Rxc2 35. Nxc2 {[%mdl 4096] Endgame KRN-KRN} Rc8 36. Ne3 Ra8 37. Ra1 Nb3 {[%csl LRa1,LRd4]} 38. Rb1 Nxd4 {aiming for ...Kc6.} 39. Rxb6 Nc6 ({Not} 39... Rxa4 40. Rb7+ Kc6 41. Rxf7) 40. Ng4 Rxa4 41. Rb7+ Ke8 42. Rc7 (42. Kf1 $142) 42... Ne7 43. Kf1 Ng6 44. Rc8+ Kd7 45. Rg8 (45. Rc1 {was necessary.}) 45... Nf4 {[%cal Ra4a1]} 46. Kg1 d4 {[%cal Bd5d4,Bd4d3,Bd3d2][%mdl 32]} 47. Rb8 d3 48. Ne3 d2 {And now ...Ra1+ would win.} 49. Rb1 {Prevents Ra1.} Ne2+ 50. Kh2 Nc3 {Inhibits Rd1.} 51. Rb3 {[#]} Re4 $1 {Weighted Error Value: White=0.23 (precise) /Black=0.08 (flawless)} 0-1

[Event "FIDE Grand Prix-I Pool-D 2022"]
[Site "Berlin"]
[Date "2022.02.10"]
[Round "6.7"]
[White "Dominguez Perez, Leinier"]
[Black "Shirov, Alexei"]
[Result "1-0"]
[WhiteElo "2752"]
[BlackElo "2704"]
[Annotator "TA"]
[PlyCount "65"]
[EventDate "2022.02.04"]
[EventType "tourn"]
[EventCountry "GER"]
[SourceTitle "playchess.com"]
[Source "ChessBase"]
[SourceQuality "1"]

{[%evp 10,65,41,35,32,27,26,40,41,39,60,33,78,74,99,89,115,67,53,42,83,98,98,50,83,33,37,39,66,29,30,35,41,15,47,68,79,81,123,125,150,147,147,154,155,141,412,446,414,465,431,419,469,448,607,590,528,548]} 1. e4 e5 2. Nf3 Nc6 3. Bc4 Nf6 4. d3 h6 5. O-O d6 6. c3 g5 {now scores much better than the old 6...g6. C55: Two Knights: 4 d3, 4 d4 exd4 5 e5 and Max Lange Attack.} 7. Nbd2 Bg7 8. Bb3 g4 {White is slightly better.} 9. Ne1 h5 10. f4 exf4 (10... a5 $14 {is superior.}) 11. Rxf4 $16 d5 {[#]} 12. Rf1 $146 ({Predecessor:} 12. exd5 Nxd5 13. Rf1 f5 14. Nc4 O-O 15. d4 f4 16. Ne5 Nxe5 17. dxe5 Be6 18. Nd3 {½-½ (44) Burke,J (2538)-Yoo,C (2479) Saint Louis 2021}) 12... Be6 13. d4 ({White should try} 13. exd5 $16 Bxd5 14. Nc4) 13... dxe4 $14 {[%cal Og4g3]} 14. Qe2 {Strongly threatening Bxe6.} Qd7 (14... Bxb3 $14 {was preferrable.} 15. Nxb3 O-O) 15. Nxe4 $16 Nxe4 16. Qxe4 {aiming for d5.} O-O-O {[%cal Ba8d8,Bd8e8,Be8e2,Be2b2][%mdl 32]} 17. Nc2 (17. Bg5 $1 $16 {[%cal Rg5d8]} Bxb3 18. axb3 (18. Bxd8 $2 Bd5 $19)) 17... Bxb3 18. axb3 Rde8 19. Qf5 (19. Qd3 {with more complications.} a6 20. Qc4 Rhf8 21. b4 Na7 22. Qc5) 19... Qxf5 20. Rxf5 f6 21. Bf4 Re2 22. Ne3 Rxb2 {[#]} 23. b4 $1 (23. Nd5 Rxb3 24. Re1 (24. Bxc7 h4 $11) 24... h4 $11) 23... b6 ({Better is} 23... h4) 24. Nd5 {[%csl LRc7,LRf6]} h4 {[#]} 25. Re1 $1 {To avoid Re2. White is more active.} ({Not} 25. Nxc7 Ne7 26. Rb5 Bh6 27. Bxh6 Rxh6 $15) (25. Nxf6 Rf8 26. Bg5 h3 $19) (25. Bxc7 Re8 $16) 25... h3 26. gxh3 Rxh3 27. Bg3 a5 $2 {[%mdl 8192] This costs Black the game.} (27... Kd7 $16 {was worth a try.} 28. Rf4 (28. Nxf6+ Bxf6 29. Rxf6 Rh7 $16) (28. Bxc7 Rf3 $16) 28... Bh8 29. Rxg4 (29. Nxf6+ Bxf6 30. Rxf6 Rh7 $16) 29... Rh5) 28. bxa5 $18 bxa5 29. Ne7+ Nxe7 30. Rxe7 Bh6 31. Rxc7+ {White is clearly winning.} Kb8 32. Re7+ Rxg3+ 33. hxg3 {Weighted Error Value: White=0.08 (flawless) /Black=0.34} 1-0

[Event "FIDE Grand Prix-I Pool-D 2022"]
[Site "Berlin"]
[Date "2022.02.10"]
[Round "6.8"]
[White "So, Wesley"]
[Black "Harikrishna, Pentala"]
[Result "1/2-1/2"]
[WhiteElo "2772"]
[BlackElo "2717"]
[Annotator "TA"]
[PlyCount "71"]
[EventDate "2022.02.04"]
[EventType "tourn"]
[EventCountry "GER"]
[SourceTitle "playchess.com"]
[Source "ChessBase"]
[SourceQuality "1"]

{[%evp 12,71,26,25,35,36,42,41,39,39,37,42,40,45,41,33,52,16,22,24,31,32,29,24,17,29,27,20,27,22,51,62,59,50,48,66,55,41,62,66,73,73,112,115,112,108,143,123,135,114,139,0,0,0,0,0,0,0,0,0,0,0]} 1. d4 Nf6 2. c4 e6 3. Nf3 d5 4. g3 Bb4+ 5. Bd2 a5 6. Bg2 O-O 7. Qc2 c5 {E11: Bogo-Indian.} 8. cxd5 {The main line 8.cxd5 scores better than 8.dxc5.} cxd4 9. Nxd4 Qb6 {White is slightly better.} 10. e3 exd5 11. O-O Nc6 12. Nxc6 bxc6 13. Rc1 Rb8 14. Bxb4 ({Much worse is} 14. Qxc6 Qxc6 15. Rxc6 Bxd2 16. Nxd2 Rxb2 $11) 14... Qxb4 15. b3 Be6 16. Nc3 {[%cal Bb1c3,Bc3e2,Be2f4][%mdl 32]} c5 17. Ne2 Rfc8 18. Nf4 c4 19. bxc4 Rxc4 {[#]} 20. Qd1 $146 ({Predecessor:} 20. Qe2 Qb2 21. Qxb2 Rxb2 22. Rxc4 dxc4 23. Nxe6 fxe6 24. Rc1 Rxa2 25. Bh3 Kf7 26. Rxc4 {1-0 (59) Fridman,D (2608)-Heimann,A (2599) Dortmund 2021}) 20... Qc5 21. Nxe6 fxe6 22. Bf1 Rc3 23. Rxc3 Qxc3 24. Rc1 {[%cal Ba1c1,Bc1c2,Bc2c6][%mdl 32]} Qb2 25. Rc2 Qb6 26. Qc1 e5 27. Rc6 Qd8 28. Qc3 e4 29. a4 {White is more active.} Qd7 30. Bb5 {[#] And now Rxf6 would win.} Qg4 31. Qxa5 ({Better is} 31. Qc2 $16) 31... Qd1+ $11 {The position is equal.} 32. Bf1 {Hoping for Qa7.} Rb1 {[%csl Gb1][%cal Rd1f1]} 33. Qa6 h5 34. Rb6 Ra1 35. Rxf6 gxf6 36. Qe6+ {Weighted Error Value: White=0.07 (flawless) /Black=0.06 (flawless)} 1/2-1/2